Statistiques concernant Culture Générale - Série 164

Cliquez ici pour prendre le quiz!

Statistiques générales

  • Ce quiz a été pris 261 fois
  • Le résultat moyen est 6 sur 10

Statistiques - réponses

QuestionRéponse% Correct
Quelle est la langue officielle internationale de l'escrime ?Français
93%
Avec combien de dés joue-t-on au yams ?5
92%
Quelle équipe du tournoi des VI Nations a la rose pour emblème ?Angleterre
89%
Dans "Roméo et Juliette", quel est le nom de famille de Juliette ?Capulet
69%
Dans un célèbre conte, quel enfant plante le haricot magique ?Jack
64%
Quel candidat à la présidentielle a eu pour slogan "La force tranquille" ?François Mitterrand
58%
Quel nom démoniaque porte le méchant chat dans "Cendrillon" ?Lucifer
50%
Qui est le père des enfants de Cristiana Reali ?Francis Huster
34%
Quel est le surnom de l'équipe nationale de football camerounaise ?Lions indomptables
30%
Quel héros de roman policier a pour véritable nom Gabriel Lecouvreur ?Le Poulpe
6%

Distribution des résultats

Percentile par nombre de réponses

% des personnes avec chaque résultat

Votre développement - résultats

Vous n’avez pas pris ce quiz